| 000 | 00651nam a2200205Ia 4500 | ||
|---|---|---|---|
| 003 | OSt | ||
| 005 | 20240925153554.0 | ||
| 008 | 240126s9999 xx 000 0 und d | ||
| 020 | _a9789381227657 | ||
| 040 | _c0 | ||
| 041 | _aEnglish | ||
| 082 | _a494.814 NIN;1 R | ||
| 100 | _aNinganna, Chi Si. | ||
| 245 | 0 | _aKannada sahitya samskruti kosha : upanysakara nemakati, KAS IAS< NET proudashala shikshaka muntaada spardathmaka parikshege patyakrama aadarita sahithyavidyarthigalige hati upayuktakruti | |
| 250 | _a4th ed. | ||
| 260 |
_bSri Siddalingeshwara Prakashana _aKalaburgi |
||
| 300 | _axix, 704 | ||
| 440 | _aNULL | ||
| 942 |
_cLL _2ddc |
||
| 999 |
_c291629 _d291629 |
||